|
|
|
|
| LEADER |
00000cam a2200000 4500 |
| 001 |
vtls011825547 |
| 003 |
SK-MaSNL |
| 005 |
20260301050205.0 |
| 008 |
210223s2018 xo a br 000 j slo |
| 015 |
|
|
|a SNBA2020/10
|
| 020 |
|
|
|a 9788089921171
|q (viazané)
|
| 035 |
|
|
|a urn:nbn:sk:snk-am00eogt
|
| 035 |
|
|
|a urn:nbn:sk:snk-am3iln0
|
| 035 |
|
|
|a 14BAC94A-340A-45B9-A045-E45F9E55E696
|
| 040 |
|
|
|a SNK
|b slo
|c SNK
|e rda
|
| 041 |
0 |
|
|a slo
|
| 044 |
|
|
|a xo
|c SK
|
| 072 |
|
7 |
|a 821.162.4-3
|x Slovenská próza
|2 konspekt
|
| 072 |
|
7 |
|a 821-93
|x Literatúra pre deti a mládež (beletria)
|2 konspekt
|
| 080 |
|
|
|a 821.162.4-32
|2 2011
|
| 080 |
|
|
|a 82-93-053.4/.5
|2 2011
|
| 080 |
|
|
|a (0:82-322.9)
|2 2011
|
| 100 |
1 |
|
|a Vadas, Marek,
|d 1971-
|4 aut
|9 102149
|
| 245 |
1 |
0 |
|a Útek
|c Marek Vadas ; ilustrovala Daniela Olejníková
|
| 250 |
|
|
|a Vydanie druhé
|
| 264 |
|
1 |
|a [Bratislava]
|b OZ BRAK
|c 2018
|
| 300 |
|
|
|a 43 strán
|b farebné ilustrácie
|c 31 cm
|
| 336 |
|
|
|a text
|b txt
|2 rdacontent
|
| 336 |
|
|
|a statický obraz
|b sti
|2 rdacontent
|
| 337 |
|
|
|a bez média
|b n
|2 rdamedia
|
| 338 |
|
|
|a zväzok
|b nc
|2 rdacarrier
|
| 500 |
|
|
|a Obsahuje biografické údaje o autorovi a ilustrátorke
|
| 655 |
|
7 |
|a slovenské príbehy
|2 SNKPH
|9 70494
|
| 655 |
|
7 |
|a fantasy príbehy
|2 SNKPH
|9 133164
|
| 655 |
|
7 |
|a literatúra pre deti
|2 SNKPH
|9 87135
|
| 655 |
|
7 |
|a Slovak stories
|2 SNKPHeng
|9 277112
|
| 655 |
|
7 |
|a Fantasy stories
|2 SNKPHeng
|9 328638
|
| 655 |
|
7 |
|a Children's literature
|2 SNKPHeng
|9 276039
|
| 700 |
1 |
|
|a Olejníková, Daniela,
|d 1986-
|4 ill
|9 151767
|
| 852 |
|
|
|a Štátna vedecká knižnica v Banskej Bystrici
|
| 919 |
|
|
|a 978-80-89921-17-1
|
| 958 |
|
|
|a DB
|
| 958 |
|
|
|a LX
|
| 999 |
|
|
|c 600383
|d 602313
|
| 952 |
|
|
|a SNK
|b SNK
|y PREZ
|7 0
|p 17A1445687
|o snkSB 96013
|i snk2020/19203
|8 0
|0 0
|1 0
|4 0
|d 2020-10-20
|f 1
|l 0
|r 2025-05-19 00:00:00
|w 2026-02-23
|
| 952 |
|
|
|a SNK
|b SNK
|y VYP
|7 0
|p 17A1445688
|o snkSB 96013 D1
|i snk2020/19204
|8 0
|0 0
|1 0
|4 0
|d 2020-10-20
|l 0
|r 2026-02-23 15:52:24
|w 2026-02-23
|